00477 2200193 4500001002100000005001500021008004100036020002200077035001900099041000700118082000800125090001400133100001500147245003100162260003500193300002900228500001100257650001500268INLIS00000000000192220241224112436241224||||||||| | ||| |||| || |  a978-602-8023-76-4 0010-1224001922 aid0 a503 a503 TIM l0 aTim Nuansa00aEnsiklopedia Sains: Langit aBandungbnuansa cendekiac2013 a64 hlm. : ilus, ; 23 cm. aCet. 4 0aIlmu Murni